|
|
|
|
| LEADER |
00000nam0a2200000 4500 |
| 001 |
294275 |
| 005 |
20231102000659.0 |
| 010 |
|
|
|a 5902350018
|
| 010 |
|
|
|a 5-902350-10-7
|
| 035 |
|
|
|a (RuTPU)RU\TPU\book\319330
|
| 035 |
|
|
|a RU\TPU\book\319327
|
| 090 |
|
|
|a 294275
|
| 100 |
|
|
|a 20150512d2014 m y0rusy50 ca
|
| 101 |
0 |
|
|a rus
|
| 102 |
|
|
|a RU
|
| 105 |
|
|
|a c z 000ay
|
| 200 |
1 |
|
|a Строговы
|e роман
|f Г. М. Марков
|
| 210 |
|
|
|a Томск
|c Томская писательская организация
|d 2014
|
| 215 |
|
|
|a 478 с.
|c портр.
|
| 225 |
1 |
|
|a Томская классика
|v Т. 5
|
| 606 |
1 |
|
|a Русская литература современная
|2 stltpush
|3 (RuTPU)RU\TPU\subj\26373
|9 50316
|
| 610 |
1 |
|
|a проза
|
| 610 |
1 |
|
|a романы
|
| 610 |
1 |
|
|a Сибирь
|
| 675 |
|
|
|a Р2
|v 3
|
| 700 |
|
1 |
|a Марков
|b Г. М.
|c русский писатель
|f 1911-1991
|g Георгий Мокеевич
|2 stltpush
|3 (RuTPU)RU\TPU\pers\8205
|9 1602
|
| 801 |
|
1 |
|a RU
|b 63413507
|c 20150512
|
| 801 |
|
2 |
|a RU
|b 63413507
|c 20150521
|g RCR
|
| 942 |
|
|
|c BK
|